'UN' Countries Quiz Stats

 Plays Quiz not verified by Sporcle

Challenge
Share
Tweet
Embed
Score 0/7 Timer 01:00
0 Plays Today
'UN' Countries % Correct
UNited States of America
83.3%
UNited Kingdom
78.2%
UNited Arab Emirates
73.1%
BurUNdi
56.4%
HUNgary
41%
TUNisia
34.6%
BrUNei
23.1%

You're not logged in!

Compare scores with friends on all Sporcle quizzes.
Join for Free
OR
Log In

You Might Also Like...

Show Comments

Extras

Created Jul 20, 2011ReportNominate
Tags:Country Quiz, United Nations

Top Quizzes Today


Score Distribution

Your Account Isn't Verified!

In order to create a playlist on Sporcle, you need to verify the email address you used during registration. Go to your Sporcle Settings to finish the process.

Report this User

Report this user for behavior that violates our Community Guidelines.

Details: